Study on weld elephant situation of prey long area at sandan district kampong thom province, សិក្សាពីស្ថានភាពដំរីព្រៃក្នុងតំបន់ព្រៃឡង់ស្រុកសណ្ដាន់ ខេត្តកំពង់ធំ (Record no. 3395)

000 -LEADER
fixed length control field 00641nam a22001337a 4500
040 ## - CATALOGING SOURCE
Transcribing agency RUA
082 ## - DEWEY DECIMAL CLASSIFICATION NUMBER
Classification number FOR SO 2010 B139 Or.1
100 ## - MAIN ENTRY--AUTHOR NAME
Personal name SO, VISOTH.
245 ## - TITLE STATEMENT
Title Study on weld elephant situation of prey long area at sandan district kampong thom province, សិក្សាពីស្ថានភាពដំរីព្រៃក្នុងតំបន់ព្រៃឡង់ស្រុកសណ្ដាន់ ខេត្តកំពង់ធំ
260 ## - PUBLICATION, DISTRIBUTION, ETC. (IMPRINT)
Place of publication Phnom Penh
Name of publisher RUA
Year of publication 2010
300 ## - PHYSICAL DESCRIPTION
Number of Pages ix; 45p.
Other physical details ill.
Dimensions 29cm.
856 ## - ELECTRONIC LOCATION AND ACCESS
Uniform Resource Identifier https://drive.google.com/file/d/1Shgjr6TON2HMIa_ndRJNsBnvAzI1Szwi/view?usp=sharing
942 ## - ADDED ENTRY ELEMENTS (KOHA)
Koha item type FOR
952 ## - LOCATION AND ITEM INFORMATION (KOHA)
Withdrawn status [LOCAL, KOHA] 0
952 ## - LOCATION AND ITEM INFORMATION (KOHA)
Withdrawn status [LOCAL, KOHA] 0
952 ## - LOCATION AND ITEM INFORMATION (KOHA)
Withdrawn status [LOCAL, KOHA] 0
952 ## - LOCATION AND ITEM INFORMATION (KOHA)
Withdrawn status [LOCAL, KOHA] 0
952 ## - LOCATION AND ITEM INFORMATION (KOHA)
Withdrawn status [LOCAL, KOHA] 0
952 ## - LOCATION AND ITEM INFORMATION (KOHA)
Withdrawn status [LOCAL, KOHA] 0
952 ## - LOCATION AND ITEM INFORMATION (KOHA)
Withdrawn status [LOCAL, KOHA] 0
952 ## - LOCATION AND ITEM INFORMATION (KOHA)
Withdrawn status [LOCAL, KOHA] 0
Holdings
Permanent Location Date acquired Koha item type Lost status Shelving location Barcode Current Location Full call number
Library Block B2015-11-13FOR B139RUA026180Library Block BFOR SO 2010 B139 Or.1
Library Block B2015-11-13FOR B139RUA026482Library Block BFOR SO 2010 B139 Or.2
Library Block B2015-11-13FOR B139RUA027807Library Block BFOR SO 2010 B139 Or.3
Library Block B2015-11-13FOR B139RUA027663Library Block BFOR SO 2010 B139 Or.4
Library Block B2015-11-13FOR B139RUA027684Library Block BFOR SO 2010 B139 Or.5
Library Block B2015-11-13FOR B139RUA027640Library Block BFOR SO 2010 B139 Or.6
Library Block B2015-11-13FOR B139RUA027920Library Block BFOR SO 2010 B139 Or.7
Library Block B2015-11-13FOR B139RUA027591Library Block BFOR SO 2010 B139 Or.8
មជ្ឈមណ្ឌលឯការនៃសាកលវិទ្យាល័យភូមិន្ទកសិកម្មចំការដូង

Powered by Koha